La agencia tributaria frente al contribuyente, régimen jurídico y problemas de constitucionalidad / (Record no. 9851)

MARC details
000 -LEADER
campo de control de longitud fija 01212nam a2200313 i 4500
001 - NÚMERO DE CONTROL
campo de control 9851
003 - IDENTIFICADOR DE NÚMERO DE CONTROL
campo de control ES-MaACL
005 - FECHA Y HORA DE LA ÚLTIMA TRANSACCIÓN
campo de control 20250826043912.0
007 - CAMPO FIJO DE DESCRIPCIÓN FÍSICA--INFORMACIÓN GENERAL
campo de control de longitud fija t|
008 - DATOS DE LONGITUD FIJA--INFORMACIÓN GENERAL
campo de control de longitud fija 940214s1993 sp |||| | spa d
020 ## - NÚMERO INTERNACIONAL ESTÁNDAR DEL LIBRO
Número Internacional Estándar del Libro 84-87708-65-X
080 ## - NÚMERO DE LA CLASIFICACIÓN DECIMAL UNIVERSAL
Número de la Clasificación Decimal Universal 351.713:336.2(46)
080 ## - NÚMERO DE LA CLASIFICACIÓN DECIMAL UNIVERSAL
Número de la Clasificación Decimal Universal 336.2(46):351.713
100 1# - ENTRADA PRINCIPAL--NOMBRE DE PERSONA
Nombre de persona Baena Aguilar, Angel.
9 (RLIN) 24588
245 13 - MENCIÓN DEL TÍTULO
Título La agencia tributaria frente al contribuyente, régimen jurídico y problemas de constitucionalidad /
Mención de responsabilidad, etc. Ángel Baena Aguilar, Pedro Manuel Herrera Molina, Fernando Serrano Antón ; anexo legislativo elaborado por Miguel Ángel Martínez Lago.
250 ## - MENCION DE EDICION
Mención de edición 1ª ed.
260 ## - PUBLICACIÓN, DISTRIBUCIÓN, ETC.
Lugar de publicación, distribución, etc. Granada :
Nombre del editor, distribuidor, etc. Comares,
Fecha de publicación, distribución, etc. 1993.
300 ## - DESCRIPCIÓN FÍSICA
Extensión 182 p. ;
Dimensiones 22 cm.
490 1# - MENCIÓN DE SERIE
Mención de serie Biblioteca Comares de ciencia jurídica
504 ## - NOTA DE BIBLIOGRAFÍA, ETC.
Nota de bibliografía, etc. Bibliografía: p. 169-176.
610 27 - PUNTO DE ACCESO ADICIONAL DE MATERIA--NOMBRE DE ENTIDAD CORPORATIVA
Nombre de entidad corporativa o nombre de jurisdicción como elemento de entrada Agencia Estatal de Administración Tributaria (España)
9 (RLIN) 1268
650 #4 - PUNTO DE ACCESO ADICIONAL DE MATERIA--TÉRMINO DE MATERIA
Término de materia o nombre geográfico como elemento de entrada Impuestos-
Subdivisión geográfica España
9 (RLIN) 13634
700 1# - ENTRADA AGREGADA--NOMBRE PERSONAL
Nombre de persona Herrera Molina, Pedro Manuel.
9 (RLIN) 63228
700 1# - ENTRADA AGREGADA--NOMBRE PERSONAL
Nombre de persona Serrano Antón, Fernando.
9 (RLIN) 105732
700 1# - ENTRADA AGREGADA--NOMBRE PERSONAL
Nombre de persona Martínez Lago, Miguel Angel.
9 (RLIN) 78173
830 0# - PUNTO DE ACCESO ADICIONAL DE SERIE-TÍTULO UNIFORME
Título uniforme Biblioteca Comares de ciencia jurídica
9 (RLIN) 179318
852 ## - LOCALIZACIÓN
Ubicación ES-MaACL
Número de control de estantería L-17313
Holdings
Estatus retirado Estado de pérdida Estado de daño No para préstamo Biblioteca de origen Biblioteca actual Ubicación en estantería Fecha de adquisición Fuente de adquisición Total de préstamos Signatura topográfica completa Código de barras Visto por última vez Precio de reemplazo Tipo de ítem Koha
        Biblioteca del Ateneo de Madrid Biblioteca del Ateneo de Madrid Depósito 2 17/01/2008     L-17313 1010057 23/02/2023 23/02/2023 Libro impreso